000 02037cam a22005054i 4500
003 PE-LiUPU
005 20250731173121.0
008 150623s2001 bl rb 000 0 eng d
020 _a8588818019
035 _a(Sirsi) i9788588818019
040 _aPE-LiUPU
_bspa
_cPE-LiUPU
_erda
049 _aPRUA
082 0 4 _a220.493203
_bS72
_221
245 0 2 _aA simplified coptic dictionary (Sahidic dialect) /
_ceditado por Joaquim Azevedo.
264 1 _aBrazil :
_bCentro de Pesquisa de Literatura Bíblica,
_c2001.
300 _a186 páginas ;
_c24 centímetros.
336 _atext
_2rdacontent
337 _aunmediated
_2rdamedia
338 _avolume
_2rdacarrier
490 0 _aCentro de Pesquisa de Literatura Bíblica Publication Series: Tools for Exegesis ;
_v1
504 _aIncluye bibliografía.
505 0 _aSimplified Coptic Dictionary.
526 _aSEG42
526 _aSEG41
526 _aSEG40
526 _aSEG39
526 _aP94
526 _aP87
526 _aP86
526 _aP85
526 _aP77
526 _aP76
526 _aP35
541 _g001-0000476;
541 _;fTeología;
650 1 4 _aCopto (Idioma original de la biblia)
_vDiccionarios.
700 1 _aAzevedo, Joaquim,
_eeditor.
942 _2ddc
_cBOOK
949 _a220.493203 S72
_wDEWEY
_c1
_i61942
_lCCODEBUL1
_mBUL
_p25.00
_r0
_sY
_tBOOK
_u2015-6-24
_xTEOLOGIA
_PP35
_0COMPRA
_o.STAFF. Colección General
949 _a220.493203 S72
_wDEWEY
_c2
_i49619
_lCCODEBUL1
_mBUL
_r0
_sY
_tBOOK
_u2015-6-24
_xTEOLOGIA
_PP35
_0COMPRA
_o.STAFF. Colección General
994 _aC0
_bPEPRU
596 _a1
999 _a220.493203 S72
_wDEWEY
_c32448
_i61942
_f2021-11-9
_g5
_lCCODEBUL1
_mBUL
_p25.00
_r0
_sY
_tBOOK
_u2015-6-24
_xTEOLOGIA
_PP35
_0COMPRA
_o.STAFF. Colección Teología
_d32448
999 _a220.493203 S72
_wDEWEY
_c2
_i49619
_f2021-11-9
_g5
_lCCODEBUL1
_mBUL
_r0
_sY
_tBOOK
_u2015-6-24
_xTEOLOGIA
_PP35
_0COMPRA
_o.STAFF. Colección General
980 _81
_gALBERTO SANCHEZ Responsable de Automatización